| 000 | 01018 a2200241 4500 | ||
|---|---|---|---|
| 001 | 30232 | ||
| 005 | 20260407155613.0 | ||
| 008 | 260407a1981 arg spa d | ||
| 003 | AR-UNSa-BCEJYS | ||
| 040 |
_aAR-UNSa-BCEJYS _bspa _cAR-UNSa-BCEJYS |
||
| 080 |
_a330.34 _xDesarrollo Económico |
||
| 245 | 1 | 0 | _aAspectos del desarrollo y del subdesarrollo |
| 020 | _a968-16-0648-5 | ||
| 264 | 1 |
_aMéxico : _bFondo de Cultura Económica _c1981 |
|
| 300 |
_a215 p. _c21 cm. |
||
| 505 | _a1. Luces que confunden - 2. El excedente y la acumulación - 3. La tierra y el trabajo - 4. El comercio de las mercancías primarias - 5. Ayuda y créditos - 6. La industrialización dependiente - 7. Los armamentos - 8. ¿Y ahora qué? - | ||
| 041 | _aspa | ||
| 942 | _cBK | ||
| 590 | _aniveau_biblio:m niveau_hierar:0 | ||
| 100 | 1 | _aRobinson, Joan | |
| 700 | 1 | _aZamora, Clementina | |
| 856 | 4 | 1 |
_uhttps://biblioeco.unsa.edu.ar/pmb/images/libros/Aspectos del Desarrollo y el Subdesarrololo-l45096.jpg _yImagen de portada _qimage/jpeg |
| 999 |
_c2059 _d2059 |
||